Химия и технология синтетического каучука: учебное пособие для химико-технологических специальностей вузов

Մատենագիտական մանրամասներ
Հիմնական հեղինակ: Кирпичников П. А. Петр Анатольевич
Այլ հեղինակներ: Аверко- Антонович Л. А. Людмила Александровна, Аверко- Антонович Ю. О. Юрий Олегович
Լեզու:ռուսերեն
Հրապարակվել է: Ленинград, Химия, 1970
Խորագրեր:
Ձևաչափ: MixedMaterials Գիրք
KOHA link:https://koha.lib.tpu.ru/cgi-bin/koha/opac-detail.pl?biblionumber=72538

MARC

LEADER 00000nam0a2200000 4500
001 72538
005 20231031083526.0
035 |a (RuTPU)RU\TPU\book\77347 
090 |a 72538 
100 |a 20050126d1970 m y0rusy50 ca 
101 0 |a rus 
102 |a RU 
105 |a a j 001zy 
200 1 |a Химия и технология синтетического каучука  |e учебное пособие для химико-технологических специальностей вузов  |f П. А. Кирпичников, Л. А. Аверко- Антонович, Ю. О. Аверко- Антонович 
210 |a Ленинград  |c Химия  |d 1970 
215 |a 527 с.  |c ил. 
320 |a Библиография в конце глав. 
451 1 |0 (RuTPU)RU\TPU\book\77316  |t Химия и технология синтетического каучука  |o учебник для вузов по специальности "Химическая технология синтетического каучука"  |f П. А. Кирпичников, Л. А. Аверко- Антонович, Ю. О. Аверко- Антонович  |e Изд. 2-е, перераб.  |c Ленинград  |n Химия  |d 1975  |p 479 с.  |a Кирпичников, Петр Анатольевич 
610 1 |a каучуки 
610 1 |a синтетический каучук 
610 1 |a эластомеры 
610 1 |a полимеры 
610 1 |a химия 
610 1 |a полимеризация 
610 1 |a поликонденсация 
610 1 |a получение каучуков 
610 1 |a учебные пособия 
675 |a 678.7(075.8)  |v 3 
700 1 |a Кирпичников  |b П. А.  |g Петр Анатольевич 
701 1 |a Аверко- Антонович  |b Л. А.  |g Людмила Александровна 
701 1 |a Аверко- Антонович  |b Ю. О.  |g Юрий Олегович 
801 1 |a RU  |b 63413507  |c 20050126  |g PSBO 
801 2 |a RU  |b 63413507  |c 20170314  |g PSBO 
942 |c BK